<?xml version="1.0" encoding="UTF-8"?>
<record
    xmlns:xsi="http://www.w3.org/2001/XMLSchema-instance"
    xsi:schemaLocation="http://www.loc.gov/MARC21/slim http://www.loc.gov/standards/marcxml/schema/MARC21slim.xsd"
    xmlns="http://www.loc.gov/MARC21/slim">

  <leader>00794nam a22002177a 4500</leader>
  <controlfield tag="003">OSt</controlfield>
  <controlfield tag="005">20140310182336.0</controlfield>
  <controlfield tag="008">130925t        xxu||||| |||| 00| 0 eng d</controlfield>
  <datafield tag="020" ind1=" " ind2=" ">
    <subfield code="a">9789718527832  </subfield>
  </datafield>
  <datafield tag="050" ind1=" " ind2=" ">
    <subfield code="a">DS 675.8R6 </subfield>
    <subfield code="b">.L68 2010</subfield>
  </datafield>
  <datafield tag="100" ind1=" " ind2=" ">
    <subfield code="a">De Pedro, Javier</subfield>
    <subfield code="9">21586</subfield>
  </datafield>
  <datafield tag="245" ind1=" " ind2=" ">
    <subfield code="a">Romance and revolution : </subfield>
    <subfield code="b">a look into the lives and times of Jose Rizal and Josephine Bracken / </subfield>
    <subfield code="c">Luisa Lisa and Javier de Pedro.</subfield>
  </datafield>
  <datafield tag="260" ind1=" " ind2=" ">
    <subfield code="a">Pasig City : </subfield>
    <subfield code="b">University of Asia and the Pacific, </subfield>
    <subfield code="c">c2010. </subfield>
  </datafield>
  <datafield tag="300" ind1=" " ind2=" ">
    <subfield code="a">xv. 386 p. :</subfield>
    <subfield code="c">23 cm.</subfield>
  </datafield>
  <datafield tag="500" ind1=" " ind2=" ">
    <subfield code="a">Includes bibliographical references and index. </subfield>
  </datafield>
  <datafield tag="651" ind1=" " ind2=" ">
    <subfield code="a"> Rizal, Jose, 1861-1896.   </subfield>
    <subfield code="9">21587</subfield>
  </datafield>
  <datafield tag="651" ind1=" " ind2=" ">
    <subfield code="a">Bracken, Josephine.</subfield>
    <subfield code="9">21588</subfield>
  </datafield>
  <datafield tag="651" ind1=" " ind2=" ">
    <subfield code="a">Revolutionaries</subfield>
    <subfield code="x">Philippines</subfield>
    <subfield code="x">Biography. </subfield>
    <subfield code="9">21589</subfield>
  </datafield>
  <datafield tag="942" ind1=" " ind2=" ">
    <subfield code="2">lcc</subfield>
    <subfield code="c">BK</subfield>
  </datafield>
  <datafield tag="999" ind1=" " ind2=" ">
    <subfield code="c">12064</subfield>
    <subfield code="d">12064</subfield>
  </datafield>
  <datafield tag="952" ind1=" " ind2=" ">
    <subfield code="0">0</subfield>
    <subfield code="1">0</subfield>
    <subfield code="2">lcc</subfield>
    <subfield code="4">0</subfield>
    <subfield code="a">LUX</subfield>
    <subfield code="b">LUX</subfield>
    <subfield code="c">FIL</subfield>
    <subfield code="d">2013-09-25</subfield>
    <subfield code="l">0</subfield>
    <subfield code="o">DS 675.8R6  .L68 2010</subfield>
    <subfield code="p">19542</subfield>
    <subfield code="r">2013-09-25 00:00:00</subfield>
    <subfield code="t">1</subfield>
    <subfield code="w">2013-09-25</subfield>
    <subfield code="y">BK</subfield>
  </datafield>
</record>
